| 000 | 00393 a2200145 4500 | ||
|---|---|---|---|
| 003 | OSt | ||
| 005 | 20240116143617.0 | ||
| 008 | 240116b |||||||| |||| 00| 0 eng d | ||
| 040 | _coclc | ||
| 082 |
_a297 _bKUL/M |
||
| 245 |
_aMarananantharam / _cAbdul Malik Ali Al Kulaib |
||
| 260 |
_aKerala: _bKNM, _c2016 |
||
| 300 | _a95p | ||
| 942 |
_2ddc _cBK _h297 _iKUL/M _k297 _mKUL/M |
||
| 999 |
_c43208 _d43208 |
||